000 00359nam a2200121Ia 4500
008 231129s2006||||xx |||||||||||||| ||spa||
082 _aER- 020
100 _aílvarez de los Rí­os Miguel
245 0 _aPablo Oliveros Marmolejo; educador pensador y hombre de ciencia
260 _c2006
264 _aBogotá: Identidad Gráfica 2006
942 _2ddc
_cBKS
999 _c22281
_d22281